| 000 | 01145nam a2200325 i 4500 | ||
|---|---|---|---|
| 999 |
_c1694 _d1694 |
||
| 001 | 022841949 | ||
| 003 | UkOxU | ||
| 005 | 20230120092424.0 | ||
| 008 | 191101t20212020enk 000 1 eng | ||
| 010 | _a2019050452 | ||
| 020 |
_a9781529087949 _qpaperback |
||
| 040 |
_aDLC _beng _erda _cDLC _dUKMGB _dOCLCF _dBLP _dOPW _dIK2 _dUAP _dNZAUC _dTCH _dINR _dSINLB _dJTH _dTXSCH _dYU6 _dVP@ _dRB0 _dXFF _dWL8 _dDLC _dIMD _dCNCAR _dOCLCO _dTXGPM _dOCLCO _dAJB _dOCL _dAU@ _dTDS _dOCLCO _dJTH _dOCLCO _dMIR _dOCLCO _dIAY _dJTH _dUAH _dOCLCO _dUND _dZ#6 _dOCLCO _dSFB _dUkOxU _dKH8 |
||
| 082 | 0 | 0 |
_aFIC KLU _223 |
| 100 | 1 |
_aKlune, TJ., _eauthor. |
|
| 245 | 1 | 4 |
_aThe house in the cerulean sea / _cTJ Klune. |
| 264 | 1 |
_aLondon : _bTor, _c2021. |
|
| 264 | 4 | _c©2020 | |
| 300 |
_a400 pages ; _c20 cm |
||
| 336 |
_atext _2rdacontent |
||
| 337 |
_aunmediated _2rdamedia |
||
| 338 |
_avolume _2rdacarrier |
||
| 650 | 0 |
_aMagic _vFiction. |
|
| 650 | 0 |
_aOrphans _vFiction. |
|
| 650 | 0 |
_aChildren _vFiction. |
|
| 650 | 0 |
_aOrphanages _vFiction. |
|
| 650 | 0 |
_aChildren _xInstitutional care _vFiction. |
|
| 650 | 0 |
_aSocial workers _vFiction. |
|
| 650 | 1 |
_aMythical animals _vFiction. |
|
| 942 |
_2ddc _cFIC |
||